Responses for Show #1057 - Tuesday, March 21, 1989

Contestants

[<< previous game]

Emeric Schultz, a chemistry professor from Bloomsburg, Pennsylvania

Pat Gravitt, a project manager originally from San Diego, California

Paul Curry, a training consultant from Laguna Hills, California (whose 2-day cash winnings total $24,101)

[next game >>]

Jeopardy! Round responses

SEE THE USA
SHAKESPEARE
LYRICS
CELEBRITY MARRIAGES
ANCIENT EGYPT
"T" TIME
    $100 3
(Alex: She is the great-great-granddaughter of the original, Madame Tussaud.)

wax

Paul
    $100 12
the Capulets

Paul
    $100 9
die

Pat
    $100 21
Jean Harlow

Emeric
    $100 14
etiquette

Paul
    $100 1
trunk

Emeric
    $200 7
Texas

Paul
    $200 13
Brutus

Pat
    $200 17
Red, Red Robin

Paul
    $200 25
William Powell

Triple Stumper
    $200 23
(Emeric: What are mummies?)

hair

PaulEmeric
    $200 2
tiger

Pat
    $300 8
Laura Ingalls Wilder

Paul
    $300 15
The Taming of the Shrew

Emeric
    $300 18
honor

Pat
    $300 28
Clark Gable

Pat
    $300 24
(Pat: What is Alexandria?)

Memphis

Pat
Triple Stumper
    $300 4
tumbler

Paul
    $400 10
(The Unsinkable) Molly Brown

Emeric
    $400 16
A Midsummer Night's Dream

Pat
    $400 19
bouquets

Triple Stumper
    $400 29
Geraldine Page

Triple Stumper
    $400 26
(Paul: What is Giza?)
...
(Alex: Less than a minute to go.)

Valley of the Kings

Paul
Triple Stumper
    $400 5
trident

Paul
    $500 11
(Pat: What is Canary?)
...
(Alex: The opera is of course Porgy and Bess.)

Catfish Row

Pat
Triple Stumper
    $500 22
(Paul: Who is Duncan?)

Malcolm

Paul
Triple Stumper
    $500 20
the fire

Triple Stumper
    $500 30
Ali MacGraw

Pat
    $1,000 27
Alexander (the Great)

Paul
    $500 6
(Emeric: What is a trestle?)

trellis

PatEmeric

Scores at the first commercial break (after clue 16):

Paul Pat Emeric
$1,500 $900 $300

Scores at the end of the Jeopardy! Round:

Paul Pat Emeric
$2,000 $1,700 $200

Double Jeopardy! Round responses

JULY
AMERICAN INDIANS
AUTHORS
PLANTS
STATUES
ENDS WITH "ETTE"
    $200 10
Korean War

Emeric
    $200 24
Seminoles

Pat
    $200 9
Ingmar Bergman

Pat
    $200 16
acorn

Emeric
    $200 1
(Paul: What is the Smithsonian Institute?)
(Pat: What is the National Museum?)

Capitol Building

PaulPat
Triple Stumper
    $200 4
Bette

Paul
    $400 11
4th of July

Pat
    $400 25
Omaha

Paul
    $400 15
Medici

Pat
    $400 17
root

Paul
    $400 2
(Paul: What is David?)

Statue of Liberty

PaulEmeric
    $400 5
marionette

Pat
    $600 12
Cyprus

Pat
    $600 26
Sequoyah

Pat
    $600 21
France

Emeric
    $600 18
licorice

Paul
    $600 3
The Thinker

Paul
    $600 6
baguette

Paul
    $800 13
draft numbers

Paul
    $800 27
(Alex: Less than a minute to go.)

pemmican

Emeric
    $800 22
John O'Hara

Triple Stumper
    $800 19
magnolia

Emeric
    $2,000 29
(Alex: Absolutely right, the Venus de Milo.)
[The end-of-round signal sounds.]

the Louvre

Emeric
    $800 7
(Emeric: What is a settee?)

banquette

Emeric
Triple Stumper
    $1,000 14
(Paul: Who is Martin Luther King?)

Fidel Castro

Paul
    $1000 28
King Philip's War

Emeric
    $1000 23
Hermann Hesse

Pat
    $1000 20
maple

Paul
    $1000 8
lorgnette

Triple Stumper

Scores at the end of the Double Jeopardy! Round:

Paul Pat Emeric
$5,000 $5,300 $5,400

[wagering suggestions for these scores]

Final Jeopardy! Round responses

U.S. PRESIDENTS
PaulWho was A. Jackson?
$5,000
PatWho is U.S. Grant?
$4,701
EmericWho was Grant?
$5,300
Ulysses Grant

Final scores:

Paul Pat Emeric
$0 $10,001 $10,700
3rd place: Colortyme console TV + Jeopardy! box game or Jeopardy! Challenger 2nd place: Bassett bedroom set & Burlington bed coverings + Jeopardy! box game or Jeopardy! Challenger New champion: $10,700

Game dynamics:

Coryat scores:

Paul Pat Emeric
$5,500 $5,300 $4,200
18 R
(including 1 DD),
5 W
(including 1 DD)
16 R,
3 W
12 R
(including 1 DD),
3 W

Combined Coryat: $15,000

[game clues] [game scores] [suggest correction]

Game tape date: 1988-12-05
The J! Archive is created by fans, for fans. Scraping, republication, monetization, and malicious use prohibited; this site may use cookies and collect identifying information. See terms. The Jeopardy! game show and all elements thereof, including but not limited to copyright and trademark thereto, are the property of Jeopardy Productions, Inc. and are protected under law. This website is not affiliated with, sponsored by, or operated by Jeopardy Productions, Inc. Join the discussion at JBoard.tv.